Derecho penal y criminologa̕ como fundamento de la polt̕ica criminal estudios en homenaje al profesor Alfonso Serrano Gm̤ez /

Detalles Bibliográficos
Otros Autores: Akers, Ronald L, Bueno Ars︢, Francisco, 1935-, Guzmǹ Dl̀bora, Jos ̌Luis, Serrano Gm̤ez, Alfonso, Serrano Mal̕lo, Alfonso
Formato: Desconocido
Lenguaje:español
Publicado: Madrid : Dykinson, D.L. 2006
Materias:
Acceso en línea:Acceso restringido

MARC

LEADER 00000ny a22000003n 4500
005 20110520150723.0
008 070417s2006 sp 000 0 spa d
020 |a 8497729692 
035 |a 2217 
040 |a UMA.RE  |d UPO  |d vLex 
080 |a 343(082.2) 
080 |a 343.9(082.2) 
080 |a 929 Serrano Gm̤ez, Alfonso 
090 |c 131  |d 131 
245 0 0 |a Derecho penal y criminologa̕ como fundamento de la polt̕ica criminal  |h [Recurso electrn̤ico]  |b estudios en homenaje al profesor Alfonso Serrano Gm̤ez /  |c Francisco Bueno Ars︢ ... [et al.], (directores) ; Jos{acu 
256 |a Servicio en ln̕ea 
260 |a Madrid :  |b Dykinson,  |c D.L. 2006 
300 |a 1404 p. ;  |c 25 cm 
504 |a Bibliografa̕ e n̕dice 
506 1 |a Contenido solo disponible en los productos indicados  |d vLex Global  |d vLex Global (Academic Edition, excluding Law Schools)  |d vLex Global (U.S. Academic Edition, Law Schools)  |d vLex Global (U.S. Academic Edition, excluding Law Schools)  |d vLex Global (Academic Edition, Law Schools) 
650 0 7 |a Polt̕ica Criminal  |2 Tesauro vLex 
650 0 7 |a Penal  |2 Tesauro vLex 
650 0 7 |a Derecho penal  |2 Tesauro vLex 
650 0 7 |a Polt̕ica criminal y criminologa̕  |2 Tesauro vLex 
700 1 |a Akers, Ronald L 
700 1 |a Bueno Ars︢, Francisco,  |d 1935- 
700 1 |a Guzmǹ Dl̀bora, Jos ̌Luis 
700 1 |a Serrano Gm̤ez, Alfonso 
700 1 |a Serrano Mal̕lo, Alfonso 
740 0 |a vLex Libros (Servicios en ln̕ea) 
856 4 0 |u http://vlex.com/source/2217  |z Acceso restringido 
942 |c BOOK 
999 0 |a Criminal law  |b Spain